Every City in Oklahoma on a Map - Statistics

General Stats
  • This quiz has been taken 1,196 times
  • The average score is 69 of 590
Answers on the Map
Answers color-coded by a green-red scale on the quiz's map according to % correct below.
 
Answer Stats
City Population % Correct
Oklahoma City 702,767
97%
Tulsa 411,894
94%
Norman 130,046
76%
Broken Arrow 119,194
73%
Stillwater 49,525
59%
Lawton 90,245
58%
Edmond 98,103
56%
Moore 63,470
54%
Enid 50,577
52%
Muskogee 36,873
46%
Ada 16,611
44%
Guymon 12,287
43%
Midwest City 58,086
41%
El Reno 19,216
40%
Bartlesville 38,114
39%
Shawnee 31,803
39%
Yukon 26,388
37%
Broken Bow 4,222
36%
Miami 12,866
36%
Ardmore 24,847
35%
Bixby 30,698
35%
Durant 20,296
35%
Jenks 27,553
35%
Owasso 41,162
35%
Ponca City 24,306
34%
Boise City 1,109
33%
Cherokee 1,446
32%
Choctaw 12,240
32%
Mustang 23,270
32%
McAlester 18,140
31%
Sapulpa 22,981
31%
Del City 21,312
30%
Guthrie 11,398
30%
Tahlequah 16,833
30%
Washington 718
30%
Woodward 11,753
30%
Chickasha 16,745
29%
Claremore 20,385
29%
Okmulgee 11,376
29%
Sand Springs 20,075
29%
Seminole 7,262
29%
Altus 18,635
28%
Elk City 11,279
28%
Weatherford 12,023
27%
Beaver 1,262
26%
Duncan 23,170
26%
Newcastle 14,001
25%
Pauls Valley 6,053
25%
Sallisaw 8,641
25%
Bethany 20,369
24%
Clinton 8,383
24%
Idabel 6,971
24%
Piedmont 8,804
24%
Wagoner 8,375
23%
Atoka 2,953
22%
Catoosa 7,510
22%
Glenpool 14,349
22%
Grove 7,293
22%
Mead 235
22%
Sulphur 4,880
22%
Blackwell 6,072
21%
Cleveland 3,223
21%
Cushing 8,391
21%
Hugo 5,190
21%
Noble 7,739
21%
Pawnee 1,944
21%
Perry 4,424
21%
Poteau 9,075
21%
Purcell 6,864
21%
Thackerville 405
21%
The Village 9,368
21%
Alva 4,978
20%
Anadarko 5,518
20%
Coweta 10,786
20%
Eufaula 2,833
20%
Henryetta 5,612
20%
Jones 3,169
20%
Kingfisher 5,057
20%
Nichols Hills 3,826
20%
Pawhuska 2,926
20%
Texhoma 819
20%
Vinita 5,312
20%
Chandler 2,924
19%
Checotah 3,083
19%
Davis 2,800
19%
Pryor 9,636
19%
Skiatook 8,760
19%
Tishomingo 3,062
19%
Tuttle 8,373
19%
Warr Acres 10,472
19%
Antlers 2,193
18%
Bristow 4,258
18%
Collinsville 9,296
18%
Hooker 1,715
18%
Nowata 3,551
18%
Perkins 3,270
18%
Blanchard 9,663
17%
Buffalo 1,015
17%
Fairview 2,661
17%
Fort Gibson 3,831
17%
Harrah 6,534
17%
Jefferson 11
17%
Marietta 2,841
17%
Okemah 3,051
17%
Osage 178
17%
Sayre 4,793
17%
Slaughterville 4,257
17%
Tecumseh 6,335
17%
Coalgate 1,666
16%
Kansas 744
16%
Madill 4,028
16%
McLoud 4,488
16%
Spencer 3,890
16%
Stroud 2,829
16%
Adair 740
15%
Frederick 3,419
15%
Hobart 3,358
15%
Holdenville 5,918
15%
Jay 2,458
15%
Lexington 2,032
15%
Marlow 4,495
15%
Oologah 1,335
15%
Prague 2,400
15%
Verdigris 5,736
15%
Watonga 2,606
15%
Wewoka 3,084
15%
Apache 1,002
14%
Beggs 1,186
14%
Cheyenne 732
14%
Comanche 1,404
14%
Elgin 3,612
14%
Goodwell 920
14%
Hennessey 2,174
14%
Hinton 4,907
14%
Hollis 1,721
14%
Kiowa 600
14%
Lone Grove 5,190
14%
Mangum 2,740
14%
Medicine Park 461
14%
North Enid 995
14%
Okarche 1,176
14%
Pink 2,139
14%
Sperry 1,148
14%
Stigler 2,756
14%
Stilwell 3,771
14%
Tonkawa 2,995
14%
Arcadia 174
13%
Corn 583
13%
Dewey 3,419
13%
Heavener 3,024
13%
Hominy 3,280
13%
Langston 1,692
13%
Locust Grove 1,392
13%
Luther 1,587
13%
Mannford 3,335
13%
May 29
13%
Morris 1,321
13%
Nicoma Park 2,289
13%
Seiling 813
13%
Wilburton 2,293
13%
Yale 1,069
13%
Arnett 484
12%
Bridge Creek 339
12%
Cache 3,135
12%
Goldsby 3,321
12%
Haskell 1,690
12%
Inola 1,892
12%
Johnson 465
12%
Kellyville 1,034
12%
Kiefer 2,255
12%
Krebs 2,070
12%
Laverne 1,189
12%
Medford 885
12%
Minco 1,517
12%
Mounds 971
12%
Newkirk 2,176
12%
Okeene 1,046
12%
Orlando 138
12%
Pocola 4,527
12%
Shattuck 1,210
12%
Thomas 1,137
12%
Vian 1,388
12%
Walters 2,359
12%
Waurika 1,838
12%
West Siloam Springs 1,056
12%
Wilson 1,426
12%
Wynnewood 1,927
12%
Allen 807
11%
Arapaho 660
11%
Arkoma 1,849
11%
Barnsdall 1,011
11%
Big Cabin 179
11%
Caddo 1,055
11%
Canadian 145
11%
Cole 638
11%
Commerce 2,266
11%
Davenport 840
11%
Deer Creek 74
11%
Drumright 2,535
11%
Keyes 260
11%
Liberty 156
11%
Lindsay 2,866
11%
Meeker 1,020
11%
Morrison 715
11%
Muldrow 3,341
11%
New Cordell 2,716
11%
Okay 567
11%
Quapaw 827
11%
Ryan 668
11%
Spiro 2,172
11%
Stringtown 432
11%
Tushka 424
11%
Union City 2,022
11%
Vici 585
11%
Alex 496
10%
Bethel Acres 3,198
10%
Calera 3,023
10%
Cement 419
10%
Chouteau 2,133
10%
Crescent 1,372
10%
Custer City 368
10%
Disney 226
10%
Erick 967
10%
Fairfax 1,103
10%
Fort Supply 315
10%
Gene Autry 157
10%
Granite 1,628
10%
Hartshorne 1,896
10%
Hydro 903
10%
Kingston 1,475
10%
Oilton 890
10%
Roff 632
10%
Roland 3,818
10%
Talihina 931
10%
Tupelo 324
10%
Tyrone 717
10%
Wayne 662
10%
Weleetka 798
10%
Wellston 692
10%
Afton 734
9%
Binger 440
9%
Boley 1,086
9%
Boswell 583
9%
Byng 1,406
9%
Calumet 488
9%
Carter 178
9%
Chelsea 1,994
9%
Clayton 555
9%
Covington 469
9%
Delaware 267
9%
Dibble 968
9%
Dickson 1,351
9%
Gage 422
9%
Geary 980
9%
Gore 993
9%
Healdton 2,353
9%
IXL 59
9%
Lamont 288
9%
Le Flore 156
9%
Marshall 224
9%
Maud 873
9%
Mooreland 1,139
9%
Mulhall 230
9%
Pittsburg 175
9%
Prue 385
9%
Ramona 544
9%
Savanna 616
9%
South Coffeyville 684
9%
Talala 260
9%
Taloga 278
9%
Tryon 389
9%
Valley Brook 647
9%
Waukomis 1,323
9%
Westville 1,406
9%
Wetumka 1,135
9%
Winchester 556
9%
Asher 374
8%
Billings 574
8%
Bowlegs 354
8%
Burns Flat 1,902
8%
Calvin 314
8%
Caney 190
8%
Canton 453
8%
Carnegie 1,373
8%
Castle 171
8%
Copan 729
8%
Coyle 362
8%
Cyril 798
8%
Depew 413
8%
Dewar 759
8%
Dover 404
8%
Earlsboro 608
8%
Forest Park 1,046
8%
Forgan 451
8%
Fort Cobb 504
8%
Freedom 180
8%
Garber 717
8%
Geronimo 1,164
8%
Glencoe 510
8%
Hardesty 197
8%
Jennings 290
8%
Jet 195
8%
Kaw City 328
8%
Kremlin 246
8%
Lotsee 4
8%
Maysville 1,083
8%
Mountain View 735
8%
Nash 187
8%
Oakland 892
8%
Optima 322
8%
Paden 420
8%
Panama 1,302
8%
Paoli 584
8%
Pond Creek 882
8%
Porter 624
8%
Putnam 27
8%
Ralston 270
8%
Red Rock 248
8%
Ripley 351
8%
Roosevelt 254
8%
Rush Springs 1,008
8%
Salina 1,097
8%
Silo 396
8%
Soper 228
8%
Spavinaw 356
8%
Springer 697
8%
St. Louis 129
8%
Stratford 1,411
8%
Tipton 846
8%
Tullahassee 107
8%
Valliant 806
8%
Wapanucka 385
8%
Webbers Falls 340
8%
Welch 640
8%
Wright City 599
8%
Agra 323
7%
Avant 303
7%
Bennington 313
7%
Blackburn 69
7%
Bluejacket 244
7%
Burlington 125
7%
Carney 565
7%
Cashion 919
7%
Colbert 1,076
7%
Cromwell 237
7%
Douglas 50
7%
Elmore City 745
7%
Fairland 1,105
7%
Fargo 306
7%
Fletcher 1,245
7%
Fort Towson 496
7%
Foyil 433
7%
Gans 254
7%
Gate 60
7%
Gotebo 169
7%
Grandfield 900
7%
Hallett 110
7%
Hammon 459
7%
Haworth 284
7%
Helena 1,534
7%
Hillsdale 71
7%
Howe 640
7%
Hulbert 488
7%
Hunter 140
7%
Indianola 146
7%
Keota 446
7%
Knowles 5
7%
Konawa 1,268
7%
Lahoma 525
7%
Lake Aluma 89
7%
Langley 650
7%
Leedey 399
7%
Leon 76
7%
Manchester 87
7%
Maramec 68
7%
Marland 184
7%
McCurtain 365
7%
Ninnekah 807
7%
North Miami 294
7%
Pensacola 106
7%
Peoria 128
7%
Rattan 280
7%
Ringling 869
7%
Sasakwa 81
7%
Shidler 329
7%
Skedee 65
7%
Slick 159
7%
Snyder 1,250
7%
Sterling 669
7%
Stonewall 419
7%
Terral 276
7%
Texola 40
7%
Wakita 304
7%
Warner 1,609
7%
Watts 278
7%
Waynoka 699
7%
Westport 454
7%
Wister 1,058
7%
Wyandotte 491
7%
Achille 416
6%
Addington 86
6%
Amber 444
6%
Ames 191
6%
Bearden 133
6%
Bokchito 599
6%
Bradley 86
6%
Braman 164
6%
Bray 995
6%
Bridgeport 97
6%
Burbank 124
6%
Butler 205
6%
Cameron 332
6%
Canute 481
6%
Central High 1,228
6%
Cimarron City 166
6%
Clearview 36
6%
Cleo Springs 276
6%
Colcord 753
6%
Davidson 245
6%
Dill City 411
6%
Dustin 326
6%
Empire City 732
6%
Fair Oaks 72
6%
Fitzhugh 185
6%
Foraker 15
6%
Foss 101
6%
Garvin 177
6%
Grainola 32
6%
Greenfield 116
6%
Hickory 83
6%
Hoot Owl 0
6%
Indiahoma 277
6%
Ketchum 513
6%
Kinta 286
6%
Lenapah 278
6%
Lima 66
6%
Lone Chimney 77
6%
Lone Wolf 364
6%
Mannsville 730
6%
Moffett 33
6%
Mutual 62
6%
Oktaha 347
6%
Phillips 124
6%
Redbird 100
6%
Red Oak 530
6%
Rosston 50
6%
Schulter 429
6%
Sharon 128
6%
Smith Village 50
6%
Sparks 123
6%
Sweetwater 102
6%
Taft 172
6%
Terlton 83
6%
Webb City 60
6%
Woodlawn Park 153
6%
Wynona 378
6%
Albion 60
5%
Aline 169
5%
Amorita 39
5%
Armstrong 116
5%
Bernice 432
5%
Bessie 181
5%
Blair 712
5%
Bokoshe 403
5%
Boynton 163
5%
Braggs 268
5%
Brooksville 72
5%
Byars 198
5%
Byron 36
5%
Camargo 179
5%
Carlton Landing 116
5%
Carmen 355
5%
Carrier 84
5%
Centrahoma 83
5%
Chattanooga 407
5%
Colony 110
5%
Cornish 112
5%
Crowder 298
5%
Dacoma 108
5%
Dougherty 194
5%
Drummond 455
5%
Duke 392
5%
Eakly 284
5%
Eldorado 314
5%
Elmer 63
5%
Etowah 166
5%
Fairmont 130
5%
Fallis 25
5%
Fort Coffee 347
5%
Foster 248
5%
Goltry 252
5%
Gould 98
5%
Gracemont 274
5%
Grand Lake Towne 78
5%
Grayson 135
5%
Haileyville 702
5%
Hanna 107
5%
Hastings 105
5%
Hendrix 65
5%
Hitchcock 100
5%
Katie 339
5%
Kemp 130
5%
Kendrick 92
5%
Lambert 6
5%
Lehigh 271
5%
Loco 106
5%
Longdale 183
5%
Lookeba 103
5%
Loyal 69
5%
Macomb 24
5%
Meno 193
5%
Meridian 16
5%
Milburn 252
5%
Mill Creek 289
5%
Millerton 213
5%
Mountain Park 318
5%
Norge 123
5%
Oakwood 70
5%
Ochelata 438
5%
Olustee 464
5%
Pocasset 187
5%
Porum 608
5%
Quinton 849
5%
Randlett 291
5%
Ratliff City 64
5%
Ravia 461
5%
Ringwood 395
5%
Rock Island 745
5%
Rocky 126
5%
Rosedale 70
5%
Sawyer 339
5%
Sentinel 748
5%
Shady Point 994
5%
Sportsmen Acres 319
5%
Strang 67
5%
Stuart 194
5%
Sugden 23
5%
Temple 837
5%
Tribbey 340
5%
Valley Park 20
5%
Velma 578
5%
Vera 330
5%
Verden 514
5%
Wanette 280
5%
Wann 97
5%
Warwick 172
5%
Willow 117
5%
Alderson 219
4%
Ashland 31
4%
Atwood 86
4%
Bromide 122
4%
Cedar Valley 430
4%
Cooperton 2
4%
Council Hill 113
4%
Devol 91
4%
Fanshawe 315
4%
Faxon 113
4%
Francis 251
4%
Friendship 23
4%
Headrick 77
4%
Hitchita 63
4%
Hoffman 87
4%
Hollister 34
4%
Horntown 94
4%
Kenefic 157
4%
Kildare 88
4%
Lamar 122
4%
Lawrence Creek 123
4%
Loveland 15
4%
Manitou 170
4%
Martha 159
4%
New Alluwe 89
4%
Oaks 273
4%
Renfrow 19
4%
Rentiesville 106
4%
Reydon 134
4%
Spaulding 150
4%
Stidham 19
4%
Strong City 30
4%
Summit 112
4%
Tatums 117
4%
Vernon 44
4%
Wainwright 96
4%
Whitefield 382
4%
Yeager 49
4%
Breckinridge 202
3%
Gerty 95
3%
Marble City 191
3%
Paradise Hill 74
3%
Tamaha 156
3%
No matching quizzes found
Score Distribution
Percent of People with Each Score
Percentile by Number Answered
Your Score History
You have not taken this quiz